|
|
|
|
| LEADER |
00000nam a2200000 a 4500 |
| 001 |
vtls001304950 |
| 003 |
SK-MaSNL |
| 005 |
20260301004937.0 |
| 008 |
240314s1967 xx 0 und |
| 035 |
|
|
|a SNK000257164
|
| 040 |
|
|
|a SNK
|b slo
|c SNK
|e AACR2
|
| 100 |
1 |
|
|a Cejpek, Jiří,
|d 1928-2005
|4 aut
|9 48297
|
| 245 |
1 |
0 |
|a Struční přehled dějin českého knihovnictví
|
| 260 |
|
|
|a Praha
|b Státní pedagogické nakl.
|c 1967
|
| 300 |
|
|
|a 183 s.
|
| 958 |
|
|
|a OND
|
| 999 |
|
|
|c 543769
|d 545699
|
| 952 |
|
|
|t P60, <04>, [BOOK], {604}
|a SNK
|b SNK
|y VYP
|7 0
|p 17A0099037
|o snkIB 19382 D7
|0 0
|1 0
|4 0
|d 1997-10-02
|l 0
|r 2005-01-02 00:00:00
|w 2026-02-23
|
| 952 |
|
|
|t P60, <04>, [BOOK], {604}
|a SNK
|b SNK
|y VYP
|7 0
|p 17A0070556
|o snkIB 19382 D2
|0 0
|1 0
|4 0
|d 1998-06-12
|l 0
|r 2005-01-02 00:00:00
|w 2026-02-23
|
| 952 |
|
|
|t P60, <04>, [BOOK], {604}
|a SNK
|b SNK
|y VYP
|7 0
|p 17A0229237
|o snkIB 19382 D6
|0 0
|1 0
|4 0
|d 2000-02-17
|l 0
|r 2005-01-02 00:00:00
|w 2026-02-23
|